|
|
|
|
| LEADER |
00000nab a2200000 a 4500 |
| 001 |
vtls009309972 |
| 003 |
SK-MaSNL |
| 005 |
20260426072433.0 |
| 008 |
140328c2008 xo zr|p|||||||000 b|slo |
| 015 |
|
|
|a SNBRB2008/07
|2 snkbucl
|
| 038 |
|
|
|a SNKBUCL
|
| 040 |
|
|
|a SNKBUCL
|b slo
|c SNKBUCL
|e AACR2
|
| 041 |
0 |
|
|a slo
|
| 044 |
|
|
|a xo
|c SK
|
| 080 |
|
|
|a 347.78:7.05
|x (437.6)
|2 2001
|
| 080 |
|
|
|a 7.05:347.78
|x (437.6)
|2 2001
|
| 100 |
1 |
|
|a Vozárová, Jana
|4 aut
|9 1037420
|
| 245 |
1 |
0 |
|a Použitie dizajnu vyžaduje súhlas autora
|b tento článok sa sústreďuje na autorskoprávnu stránku použitia dizajnov
|c Jana Vozárová
|
| 650 |
0 |
7 |
|a dizajn
|2 snkbucl
|9 762
|
| 650 |
0 |
7 |
|a autorský zákon
|2 snkbucl
|9 19288
|
| 651 |
|
7 |
|a Slovensko
|2 snkbucl
|9 14231
|
| 773 |
0 |
|
|t Designum
|g Roč. XIV, č. 2 (2008), s. 74-75
|x 1335-034X
|
| 852 |
|
|
|a SNK
|b KIS3GCP
|
| 958 |
|
|
|a SK
|
| 999 |
|
|
|c 2688674
|d 2690604
|